Finančné časové rady, ich vlastnosti a predikcia bakalárska práca

Na minha lista:
Detalhes bibliográficos
Autor principal: Mrázová, Lucia
Autor Corporativo: Národohospodárska fakulta EU. Katedra financií
Outros Autores: Káčer, Marek, 1976-
Formato: Livro
Idioma:eslovaco
Publicado em: Bratislava 2018
Tags: Adicionar Tag
Sem tags, seja o primeiro a adicionar uma tag!

MARC

LEADER 00000nbm a2200000 4500
001 0245950
005 20181214112721.1
041 0 |a slo 
044 |a SK 
245 1 0 |a Finančné časové rady, ich vlastnosti a predikcia  |b bakalárska práca  |c Lucia Mrázová ; školiteľ: Marek Káčer 
264 1 |a Bratislava  |c 2018 
300 |a 54 s. 
100 1 |a Mrázová, Lucia 
700 1 |a Káčer, Marek, 1976- 
710 2 |a Národohospodárska fakulta EU. Katedra financií